| 000 | 01051nam a22003257a 4500 | ||
|---|---|---|---|
| 001 | 0000118 | ||
| 003 | KOHA_MİRAKIL | ||
| 005 | 20260207001200.0 | ||
| 007 | ta | ||
| 008 | 081212b2003 tu |||gr||||#0|||0|tur | | ||
| 020 |
_a9755915842 _cYTL14,69 |
||
| 040 |
_aTR-BiSEU _btur _cTR-BiSEU _erda |
||
| 041 | 0 | _atur | |
| 044 | _ctu | ||
| 050 |
_aQA37.2 _b.P47 2003 |
||
| 100 | 1 | _aPesen, Cahit. | |
| 245 | 1 |
_aEğitim fakülteleri ve sınıf öğretmenleri için : _bmatematik öğretimi/ _cCahit Pesen ; Cahit Pesen. |
|
| 264 | 1 |
_aAnkara : _bNobel Yayınları _c2003 |
|
| 300 | _a377 sayfa | ||
| 336 |
_ametin _btxt _2rdacontent |
||
| 337 |
_aaracısız _bn _2rdamedia |
||
| 338 |
_acilt _bnc _2rdacarrier |
||
| 490 | 0 | _aYayın no :602 Teknik ve Matematik dizi no : 81 | |
| 650 | 0 |
_aMathematics--studying and teaching. _91817 |
|
| 650 | 0 |
_aMatematik--Öğrenim ve öğretim. _91818 |
|
| 650 | 0 |
_aEğitim--Ders programı. _91819 |
|
| 830 | 0 |
_aYayın no :602 Teknik ve Matematik dizi no : 81 _9739 |
|
| 907 | _aOkuma Kitabı | ||
| 942 |
_2lcc _cBK |
||
| 999 |
_c119 _d119 |
||